000 00628nam a2200229Ia 4500
003 OSt
005 20221007070859.0
006 a|||||r|||| 00| 0
007 ta
008 221006b |||||||| |||| 00| 0 eng d
024 _a16,420
037 _cTextual
040 _aFLL
_cFLL
_beng
041 _2eng
_aeng
082 _aX9:981.7304Z, K8
100 _aWhitehill Arthur M. Au.
_9687887
245 0 _aOther worker
260 _aJapan
_bEast-West centre press Japan
_c1968
300 _axviii,481p
_ccm.
942 _hX9:981.7304Z, K8
_cTEXL
_2CC
999 _c1141792
_d1141792